000 00889nam a2200289 c 4500
003 BLK
005 20180420220124.0
008 180413b bul|||||r ||||||| ||bul||
010 _aKNG00029560000
020 _a954-701-088-3
_bиздат.: Компас
040 _aBLK
041 _aBUL
_cBUL
080 _aАнглоканадска литература
_b821.111(71)
_x-31
_z821.111(71)-31
100 1 _aШийлдс, Карол
_eпърви автор
_9269047
139 _aШийлдс, Карол
_bШ 62
245 1 0 _aНебесни цветя
_b[Роман]
_cКарол Шийлдс.
257 _aCAN
260 Варна
_bКомпас
_c1999
300 _a206 с.
_c20 см
380 _aX
490 1 _aИзбрани романи
852 _aЦб 202761
856 4 _qpdf
_u
856 4 _qpdf
_u
942 _cKNG
_n0
944 _aCR
_c15.01.2003
_kAB_DOS
944 _aED
_c15.01.2003
_k
999 _c26994
_d26994